Pracovněprávní vztahy soukromých podnikatelů

Gespeichert in:
Bibliographische Detailangaben
1. Verfasser: Kubišta, Jaroslav
Format: Buch
Sprache:Tschechisch
Veröffentlicht: Pardubice Akcent 1990
Ausgabe:1. vyd.
Schlagworte:
Tags: Tag hinzufügen
Keine Tags, Fügen Sie das erste Tag hinzu!

MARC

LEADER 00000nam a2200000 4500
001 c000953
005 20221215120410.0
020 |a 80-900185-2-1 
041 0 |a cze 
044 |a CZ 
245 1 0 |a Pracovněprávní vztahy soukromých podnikatelů  |c Jaroslav Kubišta 
250 |a 1. vyd. 
264 1 |a Pardubice  |b Akcent  |c 1990 
300 |a 94 s. 
610 2 0 |a právo pracovné 
610 2 0 |a podnikanie súkromné 
610 2 0 |a vzťahy pracovnoprávne 
610 2 0 |a pomer pracovný 
610 2 0 |a vznik pomeru pracovného 
610 2 0 |a skončenie pomeru pracovného 
610 2 0 |a doba pracovná 
610 2 0 |a mzdy 
610 2 0 |a dovolenka 
610 2 0 |a starostlivosť o pracovníkov 
610 2 0 |a náhrada škody 
100 1 |a Kubišta, Jaroslav